书目信息 |
| 题名: |
动感单车
|
|
| 作者: | 张颖 主编 | |
| 分册: | ||
| 出版信息: | 长春 吉林出版集团股份有限公司 2020 |
|
| 页数: | 121页 | |
| 开本: | 23cm | |
| 丛书名: | 全民健身计划系列丛书 | |
| 单 册: | ||
| 中图分类: | G811.4 | |
| 科图分类: | ||
| 主题词: | 室内健身器械--shi nei jian shen qi xie--健身运动 | |
| 电子资源: | ||
| ISBN: | 978-7-5581-7969-3 | |
| 000 | 00924nam 2200265 450 | |
| 001 | 2375094486 | |
| 005 | 20231120222328.23 | |
| 010 | @a978-7-5581-7969-3@dCNY36.00 | |
| 100 | @a20210316d2020 em y0chiy50 ea | |
| 101 | 0 | @achi |
| 102 | @aCN@b220000 | |
| 105 | @aak z 000yy | |
| 200 | 1 | @a动感单车@Adong gan dan che@f张颖主编 |
| 210 | @a长春@c吉林出版集团股份有限公司@d2020 | |
| 215 | @a121页@c图 (部分彩图)@d23cm | |
| 225 | 2 | @a全民健身计划系列丛书@Aquan min jian shen ji hua xi lie cong shu |
| 312 | @a英文并列正题名取自封面 | |
| 330 | @a本书综合介绍有关动感单车的知识和技能。全书内容共分五章,包括:运动保健、基本技术、骑行技术训练、家庭动感单车等。 | |
| 410 | 0 | @12001 @a全民健身计划系列丛书 |
| 510 | 1 | @aSpinning@zeng |
| 606 | 0 | @a室内健身器械@Ashi nei jian shen qi xie@x健身运动 |
| 690 | @aG811.4@v5 | |
| 701 | 0 | @a张颖@Azhang ying@4主编 |
| 801 | 0 | @aCN@b山东中教@c20230926 |
| 905 | @aBZT@dG811.4@e2 | |
| 动感单车/张颖主编.-长春:吉林出版集团股份有限公司,2020 |
| 121页:图 (部分彩图);23cm.-(全民健身计划系列丛书) |
| ISBN 978-7-5581-7969-3:CNY36.00 |
| 本书综合介绍有关动感单车的知识和技能。全书内容共分五章,包括:运动保健、基本技术、骑行技术训练、家庭动感单车等。 |
| ● |
| 相关链接 |
|
|
|
正题名:动感单车
索取号:G811.4/2
 
预约/预借
| 序号 | 登录号 | 条形码 | 馆藏地/架位号 | 状态 | 备注 |
| 1 | 2000967975 | 2000967975 | 第四书库/四8架B面4层1列/ [索取号:G811.4/2] | 在馆 | |
| 2 | 2000967976 | 2000967976 | 第四书库/四8架B面4层1列/ [索取号:G811.4/2] | 在馆 | |
| 3 | 2000967977 | 2000967977 | 第四书库/四8架B面4层1列/ [索取号:G811.4/2] | 在馆 | |
| 4 | 2000967978 | 2000967978 | 第四书库/四8架B面4层1列/ [索取号:G811.4/2] | 在馆 | |
| 5 | 2000967979 | 2000967979 | 第四书库/四8架B面4层1列/ [索取号:G811.4/2] | 在馆 | |
| 6 | 2000967980 | 2000967980 | 第四书库/四8架B面4层1列/ [索取号:G811.4/2] | 在馆 |